| 000 | 00405nam a22001217a 4500 | ||
|---|---|---|---|
| 082 | _a330.9549105 | ||
| 100 | _aState Bank of Pakistan | ||
| 245 |
_aThe State of Pakistan's economy second quarterly report for the year 2006-2007 of the central board of state bank of Pakistan _cState Bank of Pakistan |
||
| 260 |
_aKarachi _bSBP Printing press _c2007 |
||
| 300 | _a102p | ||
| 563 | _aP.B | ||
| 942 |
_2ddc _cBK |
||
| 999 |
_c588771 _d588771 |
||